| 000 | 01455nam a22002777i 4500 | ||
|---|---|---|---|
| 003 | EG-ScBUE | ||
| 005 | 20260428091529.0 | ||
| 008 | 100722s1996 ua frb | 000 0 ara d | ||
| 017 | _a1996 / 5648 | ||
| 020 | _a9771908685 | ||
| 040 |
_aEG-ScBUE _bara _erda _cEG-ScBUE _dEG-ScBUE |
||
| 082 | 0 | 4 |
_a551.4608 _bع ل ي _222 |
| 100 | 1 |
_916643 _aعبد العليم، أنور، _eمؤلف. |
|
| 245 | 1 | 0 |
_aمذكرات عالم بحار / _cد. أنور عبد العليم، دكتوراه في فلسفة العلوم Ph.D. من جامعة لندن ودكتوراه العلوم D.Sc. من نفس الجامعة، أستاذ ورئيس قسم علوم البحار الأسبق بجامعة الإسكندرية وجامعة الملك عبد العزيز بجدة، خبير سابق بمنظمة اليونسكو الدولية الحائز على جائزة الدولية المصرية وجائزة الكويت للتقدم العلمي. |
| 250 | _aالطبعة الأولى. | ||
| 264 | 1 |
_aالقاهرة : _bمطابع الأهرام التجارية، _c1996. |
|
| 300 |
_a300 صفحة ؛ _c24 سم |
||
| 336 |
_2rdacontent _aنص _btxt |
||
| 337 |
_aبدون وسيط _2rdamedia _bn |
||
| 338 |
_aمجلد _bnc _2rdacarrier |
||
| 504 | _aيشتمل على إرجاعات ببليوجرافية. | ||
| 541 |
_aألف باء ؛ _cشراء ؛ |
||
| 650 | 7 |
_916644 _aالبحار _xعلم. _2BUEsh |
|
| 655 | _vReading book | ||
| 942 |
_2ddc _cBB |
||
| 999 |
_c14525 _d14525 |
||